LEADER 01444nam 2200337Ia 450 001 996385288703316 005 20221108040238.0 035 $a(CKB)4940000000079958 035 $a(EEBO)2240853970 035 $a(OCoLC)13066565 035 $a(EXLCZ)994940000000079958 100 $a19860127d1641 uy | 101 0 $aeng 135 $aurbn||||a|bb| 200 02$aA Protestation against a foolish, ridiculous and scandalous speech pretended to be spoken by Thomas Wentworth, late Earle of Strafford, to certaine lords before his comming out of the tower$b[electronic resource] $eas also against the simple and absurd letter to his lady in Ireland, together with the onely true copy of his speech, and the charge delivered to his son 210 $a[London? $cs.n.]$d1641 215 $a[2], 5 p 300 $aReproduction of original in Thomason Collection, British Library. 330 $aeebo-0158 606 $aTreason$zEngland 607 $aIreland$xHistory$yRebellion of 1641 615 0$aTreason 701 $aStrafford$b Thomas Wentworth$cEarl of,$f1593-1641.$01001354 801 0$bEAA 801 1$bEAA 801 2$bm/c 801 2$bWaOLN 906 $aBOOK 912 $a996385288703316 996 $aA Protestation against a foolish, ridiculous and scandalous speech pretended to be spoken by Thomas Wentworth, late Earle of Strafford, to certaine lords before his comming out of the tower$92346506 997 $aUNISA LEADER 03595nam 22006735 450 001 9910298638503321 005 20200706224814.0 010 $a3-319-07043-6 024 7 $a10.1007/978-3-319-07043-8 035 $a(CKB)3710000000214579 035 $a(EBL)1802996 035 $a(SSID)ssj0001338412 035 $a(PQKBManifestationID)11898427 035 $a(PQKBTitleCode)TC0001338412 035 $a(PQKBWorkID)11344373 035 $a(PQKB)10839060 035 $a(MiAaPQ)EBC1802996 035 $a(DE-He213)978-3-319-07043-8 035 $a(PPN)180622145 035 $a(EXLCZ)993710000000214579 100 $a20140804d2014 u| 0 101 0 $aeng 135 $aur|n|---||||| 181 $ctxt 182 $cc 183 $acr 200 10$aFriction Stir Welding and Processing $eScience and Engineering /$fby Rajiv Sharan Mishra, Partha Sarathi De, Nilesh Kumar 205 $a1st ed. 2014. 210 1$aCham :$cSpringer International Publishing :$cImprint: Springer,$d2014. 215 $a1 online resource (347 p.) 300 $aDescription based upon print version of record. 311 $a1-322-13618-1 311 $a3-319-07042-8 320 $aIncludes bibliographical references at the end of each chapters and index. 327 $aIntroduction -- Fundamentals of the Friction Stir Process -- Fundamental Physical Metallurgy Background for FSW/P -- Friction Stir Welding Configurations and Tool Selection -- FSW of Aluminum Alloys -- Friction Stir Welding of Magnesium Alloys -- Friction Stir Welding of High Temperature Alloys -- Dissimilar Metal Friction Stir Welding -- Friction Stir Processing -- Residual Stresses and Mitigation Strategies. 330 $aThis book lays out the fundamentals of friction stir welding and processing and builds toward practical perspectives. The authors describe the links between the thermo-mechanical aspects and the microstructural evolution, and use of these for the development of the friction stir process as a broader metallurgical tool for microstructural modification and manufacturing. The fundamentals behind the practical aspects of tool design, process parameter selection and weld related defects are discussed. Local microstructural refinement has enabled new concepts of superplastic forming and enhanced low temperature forming. The collection of friction stir based technologies is a versatile set of solid state manufacturing tools. 606 $aBuilding materials 606 $aManufactures 606 $aMechanics 606 $aMechanics, Applied 606 $aStructural Materials$3https://scigraph.springernature.com/ontologies/product-market-codes/Z11000 606 $aManufacturing, Machines, Tools, Processes$3https://scigraph.springernature.com/ontologies/product-market-codes/T22050 606 $aSolid Mechanics$3https://scigraph.springernature.com/ontologies/product-market-codes/T15010 615 0$aBuilding materials. 615 0$aManufactures. 615 0$aMechanics. 615 0$aMechanics, Applied. 615 14$aStructural Materials. 615 24$aManufacturing, Machines, Tools, Processes. 615 24$aSolid Mechanics. 676 $a671.5/2 676 $a671.52 700 $aMishra$b Rajiv Sharan$4aut$4http://id.loc.gov/vocabulary/relators/aut$01061535 702 $aDe$b Partha Sarathi$4aut$4http://id.loc.gov/vocabulary/relators/aut 702 $aKumar$b Nilesh$4aut$4http://id.loc.gov/vocabulary/relators/aut 906 $aBOOK 912 $a9910298638503321 996 $aFriction Stir Welding and Processing$92519090 997 $aUNINA